[Event "Perth Chess League"]
[Site "Perth AUS"]
[Date "2024.09.24"]
[Round "7.10"]
[White "Clarke,Daniel"]
[Black "McAteer,Ian"]
[Result "1/2-1/2"]
[BlackElo "1849"]
[BlackFideId "3230015"]
[EventDate "2024.03.12"]
[PlyCount "0"]
[WhiteElo "1951"]
[WhiteFideId "3247570"]

1. e4 c6 2. d4 d5 3. Nc3 dxe4 4. Nxe4 Nf6 5. Nxf6+ exf6 6. c3 Bd6 7. Bd3 O-O 8.
Qc2 Re8+ ( 8... h5 { was played by me against Daniel in the 2021 WA Open,
forgetting to throw in the check first, and I went into a horribly losing
postion.}  9. Be3 Qa5 { and it got worse from there, although I did swindle a
win as Daniel ran into time trouble.}  )9. Ne2 h5 10. O-O h4 11. Nf4 Nd7 (
11... Qc7 { is preferred by the engine.} )12. Qd1 Nf8 13. Qh5 Bxf4 14. Bxf4 h3
15. gxh3 { I was pleased to see this as it seems to weaken the king, I was more
expecting}  ( 15. g4 { with the queen then picking up the pawn for free.}
)15... Qd7 16. h4 { I was very pleased to see this as my next move sets up a
series of traps and sent Daniel into a long think.}  16... Qh3 17. Be2 ( 17.
Bg3 { was Daniel's initial plan but with Qh3 on the board he noticed the
crushing}  17... Bg4 )( 17. Bc2 { was the other 'natural' looking move which
also fails to 17...Bg4.} )( 17. f3 { was the move I was most worried about, and
is the top engine move, but it remains a 0.00 game.}  17... g6 18. Qh6 Bf5 19.
Bxf5 Qxf5 { etc.}  )17... g6 ( 17... Re4 { was the move I missed that would
have given me an advantage.}  18. Bg3 Bg4 19. Bxg4 Rxg4 { with the threat of
... Ng6}  )18. Qf3 Qxh4 19. Bg3 Qg5 20. Rfe1 Be6 21. h4 Qf5 22. Qxf5 Bxf5 23.
Bf3 Rac8 24. d5 cxd5 25. Bxd5 b6 26. Bb7 Rcd8 27. Rxe8 Rxe8 28. Ba6 Rd8 29. Bf4
Ne6 30. Be3 Kg7 31. Kg2 Rh8 32. Kg3 g5 33. hxg5 fxg5 34. Rd1 Kg6 35. Rd6 f6 36.
Kf3 { Daniel was on 2:27 on this move. I was wondering if he would go for the
a-pawn and fall into:}  ( 36. Rd7 Rh3+ 37. Kg2 Nf4+ 38. Bxf4 Bxd7 )36... Rh3+
37. Ke2 Bg4+ 38. Kd2 Rh1 39. Be2 Bf5 40. Bd1 Rh2 41. Bb3 { Now below 40
seconds.}  41... Ng7 42. Bd4 Nh5 43. Bd1 g4 44. Ke3 Rh3+ 45. Kd2 Rh2 46. Ke3
Rh3+ 47. Kd2 Rh2 { Daniel was still below 40 seconds to my 25 minutes plus but
I couldn't see a clear way forward so, knowing that my team had won on boards
three and four, I was happy to claim the draw on a threefold repitition.
Pleasingly, the engine gives 0.00.}   1/2-1/2

[Event "Perth Chess League"]
[Site "Perth AUS"]
[Date "2024.09.24"]
[Round "7.11"]
[White "Wolstencroft,Alan"]
[Black "Soutar,Gavin"]
[Result "0-1"]
[BlackElo "1812"]
[BlackFideId "3228991"]
[EventDate "2024.03.12"]
[PlyCount "0"]
[WhiteElo "1859"]
[WhiteFideId "3228304"]

1. e4 c5 2. Nf3 Nc6 3. d4 cxd4 4. Nxd4 e5 5. Nb5 d6 6. Bd3 Be7 7. N1c3 a6 8. Na3
b5 9. Nd5 Nf6 10. Nxe7 Qxe7 11. Bg5 h6 12. Be3 O-O 13. h3 Be6 14. Qe2 Nb4 15.
O-O Nxd3 16. cxd3 d5 17. Rac1 Rfc8 18. Rxc8+ Rxc8 19. Rc1 Rxc1+ 20. Bxc1 dxe4
21. dxe4 Bxa2 22. Qc2 Be6 23. Be3 Qb4 24. Qc6 Qxb2 25. Qxa6 Qa1+ 26. Kh2 b4 27.
Bc5 Qxa3 28. Qb6 Qd3 29. Bxb4 Qxe4 30. Bd2 Qd4 31. Qb8+ Kh7 32. Be3 Qe4 33. Bc1
Nd5 34. f3 Qc2 35. Bxh6 gxh6 36. Qxe5 Qf5 37. Qb2 Ne3 38. Qd4 Nf1+ 39. Kg1 Ng3
40. Qb2 Qd3 41. Qe5 Nf5 42. Qc7 Qd1+ 43. Kf2 Qd2+ 44. Kg1 Ne3 45. Qg3 Bc4  0-1

[Event "Perth Chess League"]
[Site "Perth AUS"]
[Date "2024.09.24"]
[Round "7.12"]
[White "Gough,Dylan"]
[Black "Van Burgel,Bradley"]
[Result "0-1"]
[BlackElo "1687"]
[BlackFideId "3246531"]
[EventDate "2024.03.12"]
[PlyCount "0"]
[WhiteElo "1829"]
[WhiteFideId "3243176"]

1. d4 d5 2. c4 c6 3. e3 Bf5 4. Nc3 e6 5. cxd5 exd5 6. Bd3 Bxd3 7. Qxd3 Qg5 8. g3
Qh5 9. Qe2 Qg6 10. a3 Nf6 11. Nf3 Nbd7 12. Nh4 Qg4 13. Qxg4 Nxg4 14. O-O O-O-O
15. f3 Ngf6 16. Bd2 g6 17. Rac1 Bg7 18. Ng2 Kb8 19. b4 Nb6 20. Rc2 Nc4 21. a4
Nxd2 22. Rxd2 Rhe8 23. Re2 Nd7 24. b5 cxb5 25. axb5 Nb6 26. Nf4 g5 27. Nd3 Nc4
28. Rfe1 f5 29. Nb4 Nxe3 30. Ncxd5 Bxd4 31. Kh1 f4 32. gxf4 gxf4 33. Nxf4 Bc3
34. Rb1 Bxb4 35. Rxe3 Rxe3 36. Rxb4 Rxf3 37. Kg2 Ra3 38. Rb2 Rg8+ 39. Kf2 Rf8
40. Rb4 Kc7 41. Ke2 Kb6 42. Kd2 Ra2+ 43. Kc3 Rxh2 44. Nd5+ Kc5  0-1

[Event "Perth Chess League"]
[Site "Perth AUS"]
[Date "2024.10.14"]
[Round "8.1"]
[White "Holland,Dennis"]
[Black "Spirin,Victor"]
[Result "0-1"]
[BlackElo "2210"]
[BlackFideId "54131170"]
[EventDate "2024.03.12"]
[PlyCount "0"]
[WhiteElo "2017"]
[WhiteFideId "3206491"]

1. d4 Nf6 2. Nf3 e6 3. c4 Bb4+ 4. Nbd2 b6 5. a3 Bxd2+ 6. Bxd2 Bb7 7. Bg5 d6 8.
e3 Nbd7 9. Be2 h6 10. Bxf6 Nxf6 11. O-O O-O 12. Rc1 Ne4 13. Nd2 Nxd2 14. Qxd2
Qg5 15. f3 c5 16. Rfd1 Rfd8 17. e4 Qxd2 18. Rxd2 e5 19. dxe5 dxe5 20. Rcd1 Rd4
21. Kf2 Rad8 22. Ke3 g6 23. g4 Kg7 24. h4 Kf6 25. b4 Ke6 26. Rxd4 cxd4+ 27. Kf2
f5 28. gxf5+ gxf5 29. exf5+ Kxf5 30. Bd3+ Kf4 31. Rg1 Bxf3 32. Rg6 e4 33. Bb1
d3  0-1

[Event "Perth Chess League"]
[Site "Perth AUS"]
[Date "2024.10.14"]
[Round "8.2"]
[White "King,David"]
[Black "Rahmani,Noor"]
[Result "0-1"]
[BlackElo "2244"]
[BlackFideId "3278824"]
[EventDate "2024.03.12"]
[PlyCount "0"]
[WhiteElo "2045"]
[WhiteFideId "3246680"]

1. e4 c5 2. Nf3 Nc6 3. d4 cxd4 4. Nxd4 e5 5. Nb5 d6 6. N1c3 a6 7. Na3 Nf6 8. Bg5
Be7 9. Nc4 b5 10. Ne3 Be6 11. Bd3 Nd7 12. Bxe7 Nxe7 13. O-O O-O 14. a3 Nc5 15.
Qd2 Qb6 16. Kh1 Rad8 17. f3 Nxd3 18. Qxd3 Ng6 19. Ncd5 Qb7 20. Rfd1 Rc8 21. c3
Rc6 22. Rd2 Rd8 23. Rad1 h5 24. Qe2 a5 25. Qf2 Qd7 26. Qf1 Rb8 27. Qf2 h4 28.
Qf1 Qd8 29. Qe2 Qg5 30. Rg1 Rc5 31. Rdd1 Nf4 32. Nxf4 exf4 33. Nc2 Qe5 34. Nd4
Bc4 35. Qf2 g5 36. Rge1 a4 37. h3 Re8 38. Qd2 Rd8 39. Qf2 Kh7 40. Rd2 Rc7 41.
Nc2 Rcd7 42. Nb4 Qc5 43. Qd4 Qxd4 44. Rxd4 Re8 45. Red1 Re6 46. R1d2 Kg6 47.
Nc6 f5 48. exf5+ Kxf5 49. Nb4 Re1+ 50. Kh2 Ke6 51. Nd3 Bxd3 52. R4xd3 d5 53.
Rd4 Re5 54. Kg1 Kd6 55. Kf2 Kc5 56. Re2 Rxe2+ 57. Kxe2 Re7+ 58. Kf2 Re3 59. Rd2
Kc4 60. Rd4+ Kb3 61. Rb4+ Kc2 62. Rxb5 Rd3 63. Rb4 Rd2+ 64. Kg1 Rd3 65. Kf2
Rd2+ 66. Kg1 Kc1 67. c4 { White was playing on the increment at this point and
this is an immediately losing move.}  67... d4 68. c5 d3 69. Rc4+ Rc2 70. Rd4
d2 71. c6 Rxc6  0-1

[Event "Perth Chess League"]
[Site "Perth AUS"]
[Date "2024.10.14"]
[Round "8.3"]
[White "Lucas,Bradley"]
[Black "Clarke,Daniel"]
[Result "1-0"]
[BlackElo "1960"]
[BlackFideId "3247570"]
[EventDate "2024.03.12"]
[PlyCount "0"]
[WhiteElo "1965"]
[WhiteFideId "311105223"]

1. e4 e5 2. Nf3 Nc6 3. Nc3 Nf6 4. Bb5 Bc5 5. O-O d6 6. d4 exd4 7. Nxd4 Bd7 8.
Nf5 Bxf5 9. exf5 h6 10. Re1+ Kf8 11. a4 Ne7 12. Qf3 c6 13. Bd3 d5 14. Bf4 Bd6
15. Re2 Qc7 16. Rae1 Re8 17. Bxd6 Qxd6 18. a5 Qb4 19. Qg3 Nc8 20. Rxe8+ Nxe8
21. Rxe8+ Kxe8 22. Qc7 Nd6 23. Qb8+ Ke7 24. Qxh8 Qxb2 25. Qxg7 Qc1+ 26. Bf1 Nc4
27. Qd4 Nd2 28. Qd3 Nxf1 29. Qxf1 Qb2 30. Qe1+ Kd6 31. f6 c5 32. Qe7+ Kc6 33.
Qe8+ Kd6 34. Nb5+ Qxb5 35. Qxb5  1-0

[Event "Perth Chess League"]
[Site "Perth AUS"]
[Date "2024.10.14"]
[Round "8.4"]
[White "Rithauddin,Florentyna"]
[Black "Gough,Dylan"]
[Result "1-0"]
[BlackElo "1762"]
[BlackFideId "3243176"]
[EventDate "2024.03.12"]
[PlyCount "0"]
[WhiteElo "1207"]
[WhiteFideId "35816694"]

1. c4 Nf6 2. d4 e6 3. Nc3 Bb4 4. Bd2 O-O 5. Nf3 d5 6. cxd5 Bxc3 7. Bxc3 exd5 8.
g3 Re8 9. Bg2 Qe7 10. e3 Bf5 11. O-O Nbd7 12. Qb3 Nb6 13. Rfd1 a5 14. a4 h6 15.
Ne5 Be6 16. Qb5 Bd7 17. Nxd7 Qxd7 18. Bxa5 Qxb5 19. axb5 Nc4 20. Bxc7 Nxb2 21.
Rdc1 Nd3 22. Rd1 Nb2 23. Rdb1 Nc4 24. b6 Nd2 25. Rd1 Nb3 26. Ra7 Rec8 27. Rb1
Nd2 28. Rba1 Rxa7 29. Rxa7 Nd7 30. Bxd5 Nxb6 31. Bxb6 Rc1+ 32. Kg2 Rb1 33. Ba5
Rb5 34. Bxf7+ Kxf7 35. Bxd2 Kf6 36. e4 Ke6 37. Kh3 Rh5+ 38. Kg2 Rb5 39. Ra5 Rb2
40. Re5+ Kd7 41. Bc1 Rb1 42. Ba3 Rd1 43. Re7+ Kd8 44. Rxb7 Kc8 45. Rb6 Kc7 46.
Bc5 Rd3 47. e5 Kd7 48. e6+ Kc7 49. e7 Kd7 50. Rb8  1-0

[Event "Perth Chess League"]
[Site "Perth AUS"]
[Date "2024.10.14"]
[Round "8.5"]
[White "O`Gorman, Alice"]
[Black "O'Mahoney,Keegan"]
[Result "1/2-1/2"]
[BlackElo "2145"]
[BlackFideId "2506190"]
[EventDate "2024.03.12"]
[PlyCount "0"]
[WhiteElo "1996"]
[WhiteFideId "2508214"]

1. e4 c5 2. Nf3 d6 3. d4 cxd4 4. Nxd4 Nf6 5. Nc3 g6 6. Be3 Bg7 7. f3 O-O 8. Qd2
Nc6 9. O-O-O d5 10. exd5 Nxd5 11. Nxc6 bxc6 12. Bd4 e5 13. Bc5 Re8 14. Ne4 Qc7
15. h4 h6 16. h5 g5 17. g4 Be6 18. Bc4 Red8 19. Qf2 Qa5 20. Qe1 Qa4 21. Bb3 Qb5
22. a4 Qa6 23. Bf2 Bf8 24. Nc5 Bxc5 25. Bxc5 f6 26. Qe4 Bf7 27. Bc4 Qxa4 28.
Bxd5 Qa1+ 29. Kd2 Rxd5+ 30. Qxd5 Qxd1+ 31. Rxd1 Bxd5 32. Ke3 Rb8 33. b3 a5 34.
Ra1 Rb5 35. Bd6 Kf7 36. Bc7 Rb7 37. Bxa5 Ra7 38. b4 Ke8 39. Rd1 Rb7 40. Rc1 Ke7
41. c4 Be6 42. Rc3 Bd7 43. Rc1 Be6 44. Rc3 Bd7 45. Rd3 Be6 46. Rc3  1/2-1/2

[Event "Perth Chess League"]
[Site "Perth AUS"]
[Date "2024.10.14"]
[Round "8.6"]
[White "McAteer,Ian"]
[Black "Barry,David"]
[Result "1-0"]
[BlackElo "1913"]
[BlackFideId "3234487"]
[EventDate "2024.03.12"]
[PlyCount "0"]
[WhiteElo "1807"]
[WhiteFideId "3230015"]

1. d4 Nf6 2. Bg5 d5 3. Bxf6 exf6 { The long term positional concession to keep
an eye on.}  4. e3 Bd6 5. Bd3 O-O 6. Qf3 { The idea is to prevent f5 and so
prevent the knight going d7-f6-e4.}  6... Nc6 7. c3 Ne7 8. g4 Qd7 9. h3 c6 (
9... b6)10. Nd2 Ng6 11. O-O-O Nh4 12. Qe2 Re8 13. Ngf3 Nxf3 14. Qxf3 b5 15.
Rdg1 b4 16. c4 a5 17. c5 Bf8 18. Qf5 { With the queens off that pawn on c6
looks a long way back.}  18... Qxf5 19. gxf5 ( 19. Bxf5 Bb7 )19... Ba6 20. Bxa6
Rxa6 21. Rg4 Ra7 22. Rhg1 a4 23. Nf1 g6 24. Ng3 Bg7 25. h4 Kh8 26. h5 g5 27.
Kd2 h6 28. e4 Rd7 29. Kd3 Bf8 30. exd5 cxd5 ( 30... Rxd5 31. Re4 )31. Nf1 Be7
32. Ne3 Bd8 33. Rc1 Bc7 34. c6 Rd6 35. Rc5 Bb6 36. Rb5 Rxc6 37. Rxd5 ( { A bad
mistake, throwing away the advantage. Correct was ... } 37. Nxd5 Bd8 38. Rb8 {
with the threat of Re4. Fortunately, David was very low on time by now and had
to hurry his next move and he gave back the advantage.}  38... b3 39. axb3 axb3
40. Re4 Rg8 41. Rxb3 )37... Rd8 38. Rxd8+ Bxd8 39. Re4 Kg7 40. Nc4 Bc7 41. d5
Ra6 42. Re7 Bd6 43. Re8 Bc5 44. f3 Ra7 45. Ke4 Re7+ 46. Rxe7 Bxe7 47. d6 Bd8
48. Kd5 Kf8 49. Kc6 { Material is equal but that long term positional
concession from move three sees the d-pawn win the game while Black's
equivalent pawn is stranded on f7.}  49... Ke8 50. Ne3 b3 51. axb3 axb3 52. Nc4
g4 53. fxg4 Bc7 54. Kxc7  1-0

[Event "Perth Chess League"]
[Site "Perth AUS"]
[Date "2024.10.14"]
[Round "8.7"]
[White "Soutar,Gavin"]
[Black "Simonds,Marcus"]
[Result "1/2-1/2"]
[BlackElo "1733"]
[BlackFideId "3237575"]
[EventDate "2024.03.12"]
[PlyCount "0"]
[WhiteElo "1788"]
[WhiteFideId "3228991"]

1. c4 e5 2. Nc3 Nf6 3. g3 Nc6 4. Bg2 Bc5 5. e3 O-O 6. Nge2 Re8 7. O-O d6 8. h3
Bf5 9. d4 Bb6 10. d5 Nb8 11. a3 Nbd7 12. b4 a5 13. Bb2 axb4 14. axb4 Rxa1 15.
Bxa1 Qe7 16. e4 Bg6 17. Qd3 Ra8 18. Bb2 Qf8 19. Ra1 Rxa1+ 20. Bxa1 { Draw
agreed.}   1/2-1/2

[Event "Perth Chess League"]
[Site "Perth AUS"]
[Date "2024.10.14"]
[Round "8.8"]
[White "Van Burgel,Bradley"]
[Black "Williams,Joshua"]
[Result "0-1"]
[BlackElo "1340"]
[BlackFideId "3266770"]
[EventDate "2024.03.12"]
[PlyCount "0"]
[WhiteElo "1687"]
[WhiteFideId "3246531"]

1. e4 e5 2. Nf3 Nc6 3. Bc4 Be7 4. d4 d6 5. d5 Na5 6. Be2 b6 7. c4 Nf6 8. Be3
Nxe4 9. Nbd2 Nf6 10. h3 Nb7 11. Qc2 a5 12. a4 Bd7 13. b3 c6 14. dxc6 Bxc6 15.
g4 h6 16. O-O-O Nc5 17. Kb2 Qc7 18. Rhg1 Nfe4 19. Bxc5 Nxd2 20. Bxd6 Qxd6 21.
Rxd2 Qa3+ 22. Kb1 Bf6 23. Qa2 Be4+ 24. Ka1 Qb4 25. g5 hxg5 26. Nxg5 Bg6 27. Rd5
e4+ 28. Kb1 e3+ 29. Bd3 exf2 30. Qe2+ Kf8 31. Rf1 Qxb3+ 32. Kc1 Qa3+ 33. Kd1
Qa1+ 34. Kd2 Bc3+ 35. Ke3 Re8+ 36. Ne4 Qe1 37. Rxf2 Rxh3+ 38. Kf4 Rh4+ 39. Kg3
Bxe4 40. Kxh4 Bxd5 41. Qc2 Bf6+ 42. Kh5 Re5+ 43. Kg4 Be6+ 44. Kf3 Qh1+ 45. Rg2
Qh5+ 46. Kf2 Bh4+ 47. Kg1 Re1+ 48. Bf1 Qc5+ 49. Kh2 Rxf1 50. Rxg7 Qe5+ 51. Kg2
Rf2+ 52. Qxf2 Qxg7+ 53. Kf1 Bxf2  0-1

[Event "Perth Chess League"]
[Site "Perth AUS"]
[Date "2024.10.14"]
[Round "8.9"]
[White "Hardegen,Andrew"]
[Black "Balavignan,Ashvin"]
[Result "0-1"]
[BlackElo "2025"]
[BlackFideId "3261425"]
[EventDate "2024.03.12"]
[PlyCount "0"]
[WhiteElo "2099"]
[WhiteFideId "3204081"]

1. d4 d5 2. c4 c6 3. Nf3 Nf6 4. Nc3 e6 5. Qb3 dxc4 6. Qxc4 b5 7. Qd3 a6 8. Bg5
c5 9. e4 c4 10. Qc2 Be7 11. e5 Nd5 12. Bxe7 Qxe7 13. Ne4 O-O 14. Nd6 {
Counterintuitively, the engine classes this as an inaccuracy and now gives
Black a clear edge. What human wouldn't plonk the knight on d6 though?}  14...
Nc6 15. a3 Bd7 16. h4 f6 { Now we start to see why - undermining the knight's
support.}  17. Ne4 fxe5 18. Neg5 e4 19. Qxe4 Nf6 20. Qc2 e5 21. O-O-O exd4 22.
Nxd4 Nxd4 23. Rxd4 Rad8 24. Be2 Bf5 25. Bxc4+ bxc4 26. Qxc4+ Kh8 27. Rxd8 Qxd8
28. Rd1 ( 28. Nf7+ { doesn't work due to}  28... Rxf7 29. Qxf7 Qc8+ 30. Kd1 Ng4
)28... Qe7 29. Qxa6 Rc8+ 30. Qxc8+ Bxc8 31. Rd8+ Ng8 32. Rxc8 Qe1+ 33. Kc2
Qxf2+ 34. Kc1 h6 35. Ne4 Qe1+  0-1

[Event "Perth Chess League"]
[Site "Perth AUS"]
[Date "2024.10.14"]
[Round "8.10"]
[White "Hardegen,Kathryn"]
[Black "Plaganyi,Gyula"]
[Result "1/2-1/2"]
[BlackElo "2017"]
[BlackFideId "3217515"]
[EventDate "2024.03.12"]
[PlyCount "0"]
[WhiteElo "2068"]
[WhiteFideId "3226778"]

1. c4 e5 2. Nc3 Nf6 3. Nf3 e4 4. Nd4 c5 5. Nc2 Nc6 6. d4 Qb6 7. e3 ( 7. d5 Ne5
8. b3 h5 9. g3 h4 10. Bg2 d6 11. Nxe4 Nxe4 12. Bxe4 Be7 13. Bg2 h3 14. Bf1
)7... d6 8. Be2 Be7 9. O-O O-O 10. a3 Na5 11. b4 Nb3 ( 11... cxb4 12. axb4 )12.
Rb1 Nxc1 13. Qxc1 Qc7 14. Na1 b6 15. Nb3 a5 16. Nd2 Bf5 17. d5 axb4 18. axb4
Rfe8 19. Qc2 ( 19. Qb2 Bg6 )19... Bf8 20. Rb3 Qe7 21. bxc5 bxc5 22. Rfb1 Qe5
23. Nb5 Ra1 24. Qb2 Qxb2 25. Rxb2 Rea8 26. Kf1 g6 27. Ke1 h5 28. g3 Kg7 29. Bf1
Ng4 30. h3 Ne5 31. Nb3 R1a2 ( 31... Rxb1+ 32. Rxb1 Ra2 33. Nd2 Nf3+ 34. Nxf3
exf3 35. Rc1 Be7 36. Nc3 Ra3 37. e4 Bg5 38. Nb5 )32. Nc3 Rxb2 33. Rxb2 Be7 (
33... Bxh3 34. Nxe4 Bxf1 35. Kxf1 Nxc4 36. Rc2 Nb6 37. Nc3 Kf6 )34. Ra2 Rxa2
35. Nxa2 Bd7 36. Nc3 f5 37. Be2 Kf6  1/2-1/2

[Event "Perth Chess League"]
[Site "Perth AUS"]
[Date "2024.10.14"]
[Round "8.12"]
[White "Huang,Hui"]
[Black "Janceski,Alex"]
[Result "0-1"]
[BlackElo "1891"]
[BlackFideId "3228185"]
[EventDate "2024.03.12"]
[PlyCount "0"]
[WhiteElo "1785"]
[WhiteFideId "3247597"]

1. d4 d5 2. Bf4 Bf5 3. c4 e6 4. Nc3 c6 5. Qb3 Qb6 6. e3 Nd7 7. Nf3 Ngf6 8. Nh4
Bg6 9. Nxg6 hxg6 10. h3 Qxb3 11. axb3 Bb4 12. Bd3 Ke7 13. Ke2 a6 14. c5 Ne8 15.
Ra4 Bxc3 16. bxc3 f5 17. Rha1 Kf6 18. b4 e5 19. dxe5+ Nxe5 20. Bxe5+ Kxe5 21.
b5 cxb5 22. Bxb5 Nc7 23. Bd7 Rhd8 24. f4+ Kf6 25. c6 b5 26. Ra5 Ke7 27. Kd3 Kd6
28. Kd4 Rdb8 29. Rb1 Rf8 30. g4 fxg4 31. hxg4 Rf7 32. Rg1 Re7 33. f5 Re4+ 34.
Kd3 g5 35. Rf1 Rf8 36. Rg1 Rh8 37. Rg3 Rh2 38. Rf3 Rxg4 39. f6 Rgg2 40. c4
dxc4+ 41. Ke4 gxf6 42. Rxf6+ Kc5 43. Rf5+ Kb6 44. Ra1 Rg3 45. Kd4 Rh4+ 46. e4
Rd3+ 47. Ke5 Re3 48. Rxg5 Rhxe4+ 49. Kf6 Rf4+ 50. Kg6 c3 51. Rg2 b4 52. Kg5 Rf8
53. Bg4 a5 54. Rga2 Re5+ 55. Kh4 b3  0-1

[Event "Perth Chess League"]
[Site "Perth AUS"]
[Date "2024.11.20"]
[Round "9.1"]
[White "Shen,Daniel"]
[Black "King,David"]
[Result "0-1"]
[BlackElo "2058"]
[BlackFideId "3246680"]
[EventDate "2024.03.12"]
[PlyCount "0"]
[WhiteElo "2426"]
[WhiteFideId "4302079"]

1. c4 c6 2. Nc3 d5 3. Nf3 Nf6 4. e3 e6 5. b3 Nbd7 6. Bb2 Bd6 7. Qc2 O-O 8. Be2
Re8 9. Rg1 e5 10. g4 d4 11. exd4 exd4 12. Nxd4 Bxh2 13. Rh1 Ne5 14. Rxh2 Qxd4
15. O-O-O Qf4 16. Rdh1 Bxg4 17. Rxh7 Ng6 18. Bxg4 Nxh7 19. Bf5 Rad8 20. Ne4
Qxf5 21. Nf6+ Qxf6 22. Bxf6 Nxf6 23. d3 Nf4  0-1

[Event "Perth Chess League"]
[Site "Perth AUS"]
[Date "2024.11.20"]
[Round "9.2"]
[White "Hardegen,Andrew"]
[Black "Lucas,Bradley"]
[Result "0-1"]
[BlackElo "1965"]
[BlackFideId "311105223"]
[EventDate "2024.03.12"]
[PlyCount "0"]
[WhiteElo "2113"]
[WhiteFideId "3204081"]

1. d4 d5 2. c4 e6 3. Nf3 Nf6 4. e3 Nbd7 5. b3 Ne4 6. Bd3 f5 7. O-O Bd6 8. Bb2
O-O 9. Ne5 f4 10. Qg4 Nxe5 11. dxe5 Bc5 12. Bxe4 fxe3 13. Bd3 exf2+ 14. Kh1
dxc4 15. Qxc4 b5 16. Qxc5 Qxd3 17. Nc3 Bb7 18. Rxf2 Rxf2 19. Qxf2 Rf8 20. Qxa7
Rf1+  0-1

[Event "Perth Chess League"]
[Site "Perth AUS"]
[Date "2024.11.20"]
[Round "9.3"]
[White "Hardegen,Kathryn"]
[Black "Wu,Kobe"]
[Result "1-0"]
[BlackElo "1658"]
[BlackFideId "3257355"]
[EventDate "2024.03.12"]
[PlyCount "0"]
[WhiteElo "2067"]
[WhiteFideId "3226778"]

1. c4 c6 2. d4 d5 3. Nc3 Nf6 4. h3 e6 5. Nf3 Nbd7 6. e3 a6 7. a4 h6 8. Bd3 Rb8
9. O-O dxc4 10. Bxc4 b5 11. axb5 cxb5 12. Bd3 Bb7 13. Qe2 Be7 14. e4 Qc8 15.
Bf4 Ra8 16. d5 O-O 17. Rfc1 Qe8 18. d6 Bd8 19. e5 Nh7 20. Nd4 Bb6 21. Nb3 f6
22. exf6 Rxf6 23. Be3 Bxe3 24. Qxe3 Qf8 25. Na5 Bd5 26. Be4 Bxe4 27. Nxe4 Rf7
28. Nc6 Nhf6 29. Ne7+ Kh7 30. Rc7 Qd8 31. Nxf6+ Rxf6 32. Qe4+ Kh8 33. Rxd7 Qxd7
34. Qxa8+ Kh7 35. Qg8#  1-0

[Event "Perth Chess League"]
[Site "Perth AUS"]
[Date "2024.11.20"]
[Round "9.4"]
[White "Huang,Hui"]
[Black "Rithauddin,Florentyna"]
[Result "1-0"]
[BlackElo "1439"]
[BlackFideId "35816694"]
[EventDate "2024.03.12"]
[PlyCount "0"]
[WhiteElo "1814"]
[WhiteFideId "3247597"]

1. d4 d5 2. Bf4 Nf6 3. e3 e6 4. Nf3 Be7 5. h3 O-O 6. c4 c6 7. Nc3 Nbd7 8. cxd5
exd5 9. Bd3 c5 10. O-O a6 11. a4 b6 12. Re1 Re8 13. e4 dxe4 14. Nxe4 Bb7 15.
Ng3 Bxf3 16. Qxf3 cxd4 17. Nf5 Bc5 18. Rxe8+ Qxe8 19. Qg3 Nh5 20. Qg5 g6 21.
Nh6+ Kg7 22. Bd2 f6 23. Qd5 f5 24. Re1 Qd8 25. Qf7+ Kh8 26. Nxf5 gxf5 27. Qxh5
Qg8 28. Qxf5 Nf8 29. b4 Bxb4 30. Bxb4 Qg6 31. Qe5+ Qg7 32. Qd6 Ng6 33. Re4 Rf8
34. Qxd4 Qxd4 35. Rxd4 Re8 36. Bc3 Kg8 37. Bc4+ Kf8 38. Rd7 Ne5 39. Bb4+ Re7
40. Rxe7 Ng6 41. Rf7+ Ke8 42. Rxh7 a5 43. Bc3 Nf4 44. g4 Ng6 45. Bf7+ Kf8 46.
Bxg6 b5 47. Bf6 bxa4 48. Rh8#  1-0

[Event "Perth Chess League"]
[Site "Perth AUS"]
[Date "2024.11.20"]
[Round "9.5"]
[White "Balavignan,Ashvin"]
[Black "Hare,Tim"]
[Result "1-0"]
[BlackElo "2287"]
[BlackFideId "4300629"]
[EventDate "2024.03.12"]
[PlyCount "0"]
[WhiteElo "2143"]
[WhiteFideId "3261425"]

1. d4 d6 2. e4 Nf6 3. Nc3 Nbd7 4. Be3 e5 5. f3 Be7 6. Qd2 c6 7. Nge2 Qc7 8. g4
b5 9. a3 a6 10. h4 Nb6 11. Ng3 exd4 12. Bxd4 c5 13. Bf2 Be6 14. g5 Nfd7 15. f4
Bc4 16. Bxc4 Nxc4 17. Nd5 Qb7 18. Qc3 Bf8 19. Nf5 Rg8 20. O-O-O Ndb6 21. Nxb6
Qxb6 22. Rd5 g6 23. Nh6 Bg7 24. e5 Rf8 25. Ng4 O-O-O 26. Rhd1 Kb8 27. Qd3 Rc8
28. b3 Nxa3 29. Rxd6 Qa5 30. Be1 c4 31. Qd4 Qc7 32. Rb6+ Ka8 33. Rxa6+ Kb8 34.
Ba5 Qc5 35. Qxc5 Rxc5 36. Bb4  1-0

[Event "Perth Chess League"]
[Site "Perth AUS"]
[Date "2024.11.20"]
[Round "9.6"]
[White "Plaganyi,Gyula"]
[Black "O`Gorman, Alice"]
[Result "0-1"]
[BlackElo "1996"]
[BlackFideId "2508214"]
[EventDate "2024.03.12"]
[PlyCount "0"]
[WhiteElo "2060"]
[WhiteFideId "3217515"]

1. e4 c5 2. Nc3 d6 3. f4 g6 4. Nf3 Bg7 5. Bb5+ Bd7 6. O-O Bxb5 7. Nxb5 Qb6 8.
Nc3 c4+ 9. Kh1 Nf6 10. Qe2 Nbd7 11. d4 cxd3 12. cxd3 Ng4 13. Nd5 Qd8 14. Bd2 e6
15. Bc3 Bxc3 16. Nxc3 O-O 17. Ng5 Ngf6 18. Rac1 Rc8 19. f5 exf5 20. exf5 Nh5
21. Qe3 Ne5 22. fxg6 hxg6 23. Nf3 Kg7 24. Nd5 ( 24. Nxe5 dxe5 25. Qxe5+ )24...
Rxc1 25. Qxc1 Qa5 26. Nxe5 dxe5 27. Nc3 Qb6 ( 27... Ng3+ 28. hxg3 Qc5 )28. Rf3
Nf6 29. Rh3 Ng4 30. Ne4 f5 31. Rg3 fxe4 32. Rxg4 Qf6 33. h3 Qf1+ 34. Qxf1 Rxf1+
35. Kh2 exd3  0-1

[Event "Perth Chess League"]
[Site "Perth AUS"]
[Date "2024.11.20"]
[Round "9.7"]
[White "Elkington,Derek"]
[Black "McAteer,Ian"]
[Result "0-1"]
[BlackElo "1849"]
[BlackFideId "3230015"]
[EventDate "2024.03.12"]
[PlyCount "0"]
[WhiteElo "1891"]
[WhiteFideId "3212564"]

1. e4 c6 2. d4 d5 3. f3 e6 4. e5 c5 5. c3 Nc6 6. f4 cxd4 7. cxd4 Bb4+ 8. Nc3
Nge7 9. a3 Ba5 10. Be3 Nf5 11. Bf2 Bd7 12. Nf3 Rc8 13. Rb1 Bxc3+ 14. bxc3 Na5
15. Qd2 O-O 16. Be2 b6 17. O-O Nc4 18. Bxc4 Rxc4 19. g4 Nh6 20. h3 Qc7 21. Rfc1
Rc8 22. Be1 Qd8 23. Nh4 f6 24. Nf3 f5 25. g5 Nf7 26. Qh2 Qf8 27. Ra1 Nd8 28. h4
Nb7 29. h5 Na5 30. g6 h6 ( 30... Nb3 31. gxh7+ Kxh7 32. h6 Nxc1 33. Rxc1 gxh6
)31. Qb2 Qd8 32. Nd2 R4c6 33. Kg2 Qc7 34. Nb3 Nc4 35. Qf2 Qd8 36. Kf3 Qe7 37.
a4 R6c7 38. a5 Na3 39. Qb2 Nb5 40. axb6 axb6 41. Ra6 Rb7 42. Kg2 Qd8 43. Kh3
Ra8 44. Bh4 Qc8 45. Rxa8 Qxa8 46. Ra1 Ra7 47. Rxa7 Qxa7 48. Be7 Qa6 49. Qe2 Qa4
50. Qc2 Na3 51. Qa2 Nc4 52. Qb1 Qa6 53. Bb4 Ne3 54. Qg1 Qe2 55. Qg3 Qxh5+ 56.
Qh4 Qf3+ 57. Qg3 Qf1+ 58. Kh4 Ng2+ 59. Kh3 Nxf4+ 60. Kh2 Qe2+ 61. Kg1 Qd1+ 62.
Kh2 Qh5+ 63. Kg1 Ne2+  0-1